|
|
|
|
| LEADER |
00812nam a2200217 a 4500 |
| 001 |
3652163 |
| 008 |
091227s1977 nyua b 001 0 eng d |
| 010 |
|
|
|a 76020590
|
| 020 |
|
|
|a 0070423725
|
| 040 |
|
|
|a DLC
|c DLC
|d DLC
|d BD-DhAAL
|
| 082 |
0 |
0 |
|a 519.5
|
| 100 |
1 |
|
|a Mills, Richard L.,
|d 1941-
|
| 245 |
1 |
0 |
|a Statistics for applied economics and business /
|c Richard L. Mills.
|
| 260 |
|
|
|a New York :
|b McGraw-Hill,
|c c1977.
|
| 300 |
|
|
|a xvi, 618 p. :
|b ill. ;
|c 24 cm.
|
| 504 |
|
|
|a Includes bibliography: [p. 610-612] and index.
|
| 541 |
1 |
|
|e 00000144
|
| 650 |
|
0 |
|a Statistics.
|
| 852 |
4 |
|
|a Ayesha Abed Library
|j General Shelf.
|
| 999 |
|
|
|c 7010
|d 7010
|
| 952 |
|
|
|0 0
|1 0
|2 ddc
|4 0
|6 519_500000000000000_MIL_1977
|7 0
|9 7265
|a BRACUL
|b BRACUL
|c GEN
|d 2010-01-17
|g 0.00
|l 2
|m 2
|o 519.5 MIL
|p 3010000144
|r 2025-07-24
|s 2025-07-08
|t 1
|w 2010-01-17
|y BK
|